| Tag |
First Indicator |
Second Indicator |
Subfields |
| LEADER |
00000cas a2200000 4500 |
| 001 |
in00000074294 |
| 005 |
20151008052551.0 |
| 008 |
750824c19579999dk ar 0uuub0dut d |
| 022 |
|
|
|a 0418-6591
|
| 035 |
|
|
|a (OCoLC)01566178
|
| 035 |
|
|
|9 AAH3911AM
|
| 040 |
|
|
|a MUL
|c MUL
|d UCU
|d HUL
|d TXA
|d UtOrBLW
|
| 049 |
|
|
|a TXAE
|
| 082 |
0 |
|
|b 551.4
|
| 090 |
|
|
|a GB2596.5
|b .D4
|
| 110 |
2 |
|
|a Danske meteorologiske institut.
|
| 245 |
1 |
0 |
|a Isforholdene i de grnlandske farvande. :
|b The Ice-conditions in the Greenland waters.
|
| 246 |
0 |
1 |
|a Ice-conditions in the Greenland waters
|
| 247 |
0 |
1 |
|a Isforholdene i de arkiske have
|
| 247 |
0 |
1 |
|a State of the ice in the Arctic seas
|
| 264 |
|
1 |
|a Charlottenlund, Denmark :
|b Det Danske Meteorologiske Institut.
|
| 300 |
|
|
|a volumes :
|b illustrations
|a annual.
|
| 336 |
|
|
|a text
|b txt
|2 rdacontent
|
| 337 |
|
|
|a unmediated
|b n
|2 rdamedia
|
| 338 |
|
|
|a volume
|b nc
|2 rdacarrier
|
| 362 |
0 |
|
|a 1957-
|
| 490 |
0 |
|
|a Its Publikationer
|
| 547 |
|
|
|a Title varies: Denmark. Meteorologisk institut. Isforholdene i de arkiske have. The state of the ice in the Arctic seas.
|
| 650 |
|
0 |
|a Ice
|z Greenland.
|
| 650 |
|
0 |
|a Ice
|z Arctic regions.
|
| 710 |
2 |
2 |
|a Danske meteorologiske institut.
|t Isforholdene i de arkiske have.
|
| 710 |
2 |
2 |
|a Danske meteorologiske institut.
|t State of the ice in the Arctic seas.
|
| 830 |
|
0 |
|a Publikationer (Danske meteorologisk institut)
|
| 999 |
|
|
|a MARS
|
| 999 |
f |
f |
|s 4255566b-bfe2-3b79-9686-b56cebfd218e
|i ad8500f5-256d-3505-89cc-038f27160a61
|t 0
|
| 952 |
f |
f |
|p ric
|a Texas A&M University
|b Rellis Campus
|c Joint Library Facility
|d Remote Storage
|t 0
|e GB2596.5 .D4
|h Library of Congress classification
|i unmediated -- volume
|l 1964
|m A14808993220
|
| 998 |
f |
f |
|a GB2596.5 .D4
|s 1964
|t 0
|l Remote Storage
|